[Event "Budapest Gyorgy Memorial 1st"]
[Site "Budapest"]
[Date "2016.11.13"]
[Round "6.2"]
[White "Luscenkovs, Artjoms"]
[Black "Ciocan, Ariana Roxana"]
[Result "1-0"]
[WhiteElo "1739"]
[BlackElo "1365"]
[PlyCount "71"]
[EventDate "2016.11.10"]
[EventType "swiss"]
[EventRounds "7"]
[EventCountry "HUN"]
[SourceTitle "EXT 2018"]
[Source "ChessBase"]
[SourceDate "2017.10.13"]
[SourceVersion "1"]
[SourceVersionDate "2017.10.13"]
[SourceQuality "1"]

1. d4 d5 2. Bg5 c6 3. e3 Nd7 4. c4 Ngf6 5. Nc3 e6 6. cxd5 exd5 7. Bd3 Be7 8. Nf3 Qc7 9. 0-0 h6 10. Bh4 g5 11. Bg3 Bd6 12. Bxd6 Qxd6 13. Re1 Nf8 14. e4 dxe4 15. Bxe4 Be6 16. d5 cxd5 17. Rc1 Qd7 18. Bxd5 Rd8 19. Ne5 Qe7 20. Qa4+ N8d7 21. Bxe6 fxe6 22. Ng6 Qh7 23. Nxh8 Qxh8 24. Rxe6+ Kf7 25. Rce1 Kf8 26. Qb4+ Kg8 27. Ne4 Rf8 28. Nxf6+ Nxf6 29. Qc4 Kg7 30. Re7+ Kg6 31. Qd3+ Kh5 32. h3 g4 33. Qf5+ Kh4 34. Kh2 Nh5 35. g3+ Nxg3 36. fxg3# 1-0

[Event "Budapest Gyorgy Memorial 1st"]
[Site "Budapest"]
[Date "2016.11.12"]
[Round "5.3"]
[White "Giang, Tran Nam"]
[Black "Luscenkovs, Artjoms"]
[Result "0-1"]
[WhiteElo "1297"]
[BlackElo "1739"]
[PlyCount "96"]
[EventDate "2016.11.10"]
[EventType "swiss"]
[EventRounds "7"]
[EventCountry "HUN"]
[SourceTitle "EXT 2018"]
[Source "ChessBase"]
[SourceDate "2017.10.13"]
[SourceVersion "1"]
[SourceVersionDate "2017.10.13"]
[SourceQuality "1"]

1. e4 c5 2. Nf3 e6 3. d4 cxd4 4. Nxd4 Qc7 5. Bd3 a6 6. 0-0 Nf6 7. c4 b6 8. Bg5 Be7 9. Nc3 Bb7 10. Re1 d6 11. f4 Nbd7 12. Nf3 0-0 13. Qc2 h6 14. Bh4 Nc5 15. Bf1 Nh5 16. Bxe7 Qxe7 17. g3 Nf6 18. Rad1 Rfd8 19. b4 Ncd7 20. Bg2 Rac8 21. Qb3 Rc7 22. Nd2 Rdc8 23. Rc1 Bc6 24. b5 axb5 25. cxb5 Bxb5 26. Qxb5 Rxc3 27. Rxc3 Rxc3 28. Qb4 Rc2 29. Nc4 Rxa2 30. Nxb6 Nxb6 31. Qxb6 Qa7 32. Qxa7 Rxa7 33. Rd1 Ra6 34. h3 Kf8 35. Kf1 Ke7 36. Ke2 Nh5 37. Rd3 Ra2+ 38. Kf3 Rb2 39. Bf1 Nf6 40. Be2 Nxe4 41. Bd1 d5 42. g4 Rf2+ 43. Ke3 Rh2 44. Bf3 Rxh3 45. Ke2 Rh2+ 46. Ke1 Nd6 47. Re3 Nc4 48. Rd3 g6 0-1

[Event "Milan Crespi op-B 35th"]
[Site "Milan"]
[Date "2014.12.06"]
[Round "3"]
[White "Luscenkovs, Artjoms"]
[Black "Forti, Francesco"]
[Result "1-0"]
[WhiteElo "1712"]
[BlackElo "1576"]
[PlyCount "35"]
[EventDate "2014.12.04"]
[EventType "swiss"]
[EventRounds "7"]
[EventCountry "ITA"]
[SourceTitle "EXT 2017"]
[Source "ChessBase"]
[SourceDate "2016.10.25"]
[SourceVersion "1"]
[SourceVersionDate "2016.10.25"]
[SourceQuality "1"]

1. d4 d5 2. Bg5 Bf5 3. e3 Nf6 4. Bxf6 exf6 5. c4 c6 6. Qb3 dxc4 7. Bxc4 Qd7 8. Nd2 Be6 9. Ne2 Bxc4 10. Nxc4 Bd6 11. Qxb7 Qe6 12. Nxd6+ Qxd6 13. 0-0 0-0 14. Qxa8 Qc7 15. Rac1 Rc8 16. d5 c5 17. d6 Qd7 18. Qd5 1-0

[Event "Milan Crespi op-B 35th"]
[Site "Milan"]
[Date "2014.12.06"]
[Round "4"]
[White "Simeone, Giulio Maria"]
[Black "Luscenkovs, Artjoms"]
[Result "1/2-1/2"]
[WhiteElo "1612"]
[BlackElo "1712"]
[PlyCount "39"]
[EventDate "2014.12.04"]
[EventType "swiss"]
[EventRounds "7"]
[EventCountry "ITA"]
[SourceTitle "EXT 2017"]
[Source "ChessBase"]
[SourceDate "2016.10.25"]
[SourceVersion "1"]
[SourceVersionDate "2016.10.25"]
[SourceQuality "1"]

1. Nf3 Nf6 2. c4 e6 3. g3 b6 4. b3 Bb7 5. Bg2 Be7 6. Bb2 0-0 7. 0-0 c5 8. Nc3 a6 9. Re1 Qc7 10. e4 d6 11. d4 cxd4 12. Nxd4 Nbd7 13. Rc1 Rac8 14. a3 Qb8 15. Nc2 Rfe8 16. Ne3 Nc5 17. b4 Ncd7 18. Qe2 Ne5 19. f4 Ned7 20. Rcd1 1/2-1/2